000 00435pab a2200181 454500
008 180718b2017 xxu||||| |||| 00| 0 eng d
100 _aBanerjee, Sudipto
245 _aSmall businesses in the GST regime
260 _c2017
300 _ap.18-22.
362 _a23 Sep
650 _aTaxation
650 _aGST
650 _aEnterprises
700 _aPrasad, Sonia
773 _aEconomic and Political Weekly
909 _a116134
999 _c116128
_d116128